Online
Catalog

Hijos de la ira / (Record no. 13648)

MARC details
000 -CABECERA
campo de control de longitud fija 00899cam a2200265 a 4500
001 - NÚMERO DE CONTROL
campo de control 000014046
005 - FECHA Y HORA DE LA ÚLTIMA TRANSACCIÓN
campo de control 20200929163442.0
008 - DATOS DE LONGITUD FIJA--INFORMACIÓN GENERAL
campo de control de longitud fija 881020s1988 sp ac b 001 0 spa
020 ## - NÚMERO INTERNACIONAL ESTÁNDAR DEL LIBRO
Número Internacional Estándar del Libro 8470394754
040 ## - FUENTE DE LA CATALOGACIÓN
Centro catalogador/agencia de origen DO-SdBNP
Centro/agencia transcriptor DLC
Centro/agencia modificador DLC
082 ## - NÚMERO DE LA CLASIFICACIÓN DECIMAL DEWEY
Número de clasificación 861.5
Número de documento/Ítem A454h
049 ## - FONDOS LOCALES (OCLC)
Fondos de biblioteca BNGR
100 1# - ENTRADA PRINCIPAL--NOMBRE DE PERSONA
Nombre de persona Alonso, Dámaso,
Fechas asociadas al nombre 1898-1990
9 (RLIN) 8769
245 10 - MENCIÓN DE TÍTULO
Título Hijos de la ira /
Mención de responsabilidad, etc. Dámaso Alonso ; edición, introducción y notas de Miguel J. Flys.
260 ## - PUBLICACIÓN, DISTRIBUCIÓN, ETC.
Lugar de publicación, distribución, etc. Madrid :
Nombre del editor, distribuidor, etc. Castalia,
Fecha de publicación, distribución, etc. 1988.
300 ## - DESCRIPCIÓN FÍSICA
Extensión 176 p. :
Otras características físicas il., retrs. ;
Dimensiones 18 cm.
490 1# - MENCIÓN DE SERIE
Mención de serie Clásicos castalia
Designación de volumen o secuencia 152
504 ## - NOTA DE BIBLIOGRAFÍA, ETC.
Nota de bibliografía, etc. Incluye bibliografía (p. 59-63).
650 #4 - PUNTO DE ACCESO ADICIONAL DE MATERIA--TÉRMINO DE MATERIA
Término de materia o nombre geográfico como elemento de entrada Poesía española
9 (RLIN) 631
650 #4 - PUNTO DE ACCESO ADICIONAL DE MATERIA--TÉRMINO DE MATERIA
Término de materia o nombre geográfico como elemento de entrada Literatura española
9 (RLIN) 632
700 1# - PUNTO DE ACCESO ADICIONAL--NOMBRE DE PERSONA
Nombre de persona Flys, Miguel J.
Término indicativo de función/relación ed.
9 (RLIN) 31818
830 #0 - PUNTO DE ACCESO ADICIONAL DE SERIE-TÍTULO UNIFORME
Título uniforme Clásicos castalia ;
Designación de volumen o secuencia 152
9 (RLIN) 23367
856 42 - LOCALIZACIÓN Y ACCESO ELECTRÓNICOS
Especificación de materiales Publisher description
Identificador Uniforme del Recurso <a href="http://www.loc.gov/catdir/enhancements/fy0836/87132872-d.html">http://www.loc.gov/catdir/enhancements/fy0836/87132872-d.html</a>
910 ## - DATOS DE OPCIÓN DEL USUARIO (OCLC)
Datos de opción del usuario DC
Holdings
Estado de retiro Estado de pérdida Restricciones de uso No para préstamo Código de colección Localización permanente Ubicación/localización actual Ubicación en estantería Fecha de adquisición Número de inventario Total de préstamos Signatura topográfica completa Código de barras Fecha visto por última vez Precio válido a partir de Tipo de ítem Koha
    Préstamo interno   Monografías: Libros y Folletos General General En catalogación 02.12.2009 LF1   861.5 A454h 14046-10 25.06.2020 25.06.2020 Préstamo interno

Powered by Koha